| 000 | 00371nam a22001577a 4500 | ||
|---|---|---|---|
| 003 | SGT | ||
| 020 | _a9788185790336 | ||
| 082 |
_a615.4 _bB19S |
||
| 100 | _aSHAH, Y.I | ||
| 245 | _aINTRODUCTION TO BIOSTATISTICS AND COMPUTER SCIENCE | ||
| 250 | _a16TH | ||
| 260 |
_aPUNE _bNIRALI PRAKASHAN _c2019 |
||
| 300 | _a12:31 | ||
| 650 | _aPHARMACY COMPUTER | ||
| 942 |
_2ddc _cBK _08 |
||
| 999 |
_c22964 _d22964 |
||